|
|
|
|
| LEADER |
01015nam a2200217 u 4500 |
| 001 |
10034809 |
| 003 |
GR-PaULI |
| 005 |
20240314093534.0 |
| 008 |
000524s1960 gr gre |
| 952 |
|
|
|0 0
|1 0
|2 ddc
|4 0
|6 889_334000000000000_ΣΦΑ
|7 0
|9 209500
|a LISP
|b LISP
|c BSC
|d 2017-02-02
|i 135583
|l 0
|o 889.334 ΣΦΑ
|p 025000253670
|r 2017-02-02 00:00:00
|t 1
|v 2017.00
|w 2017-02-02
|y BK15
|
| 952 |
|
|
|0 0
|1 0
|2 ddc
|4 0
|6 889_334000000000000_ΣΦΑ
|7 0
|9 356856
|a LISP
|b LISP
|c DON
|d 2022-02-24
|e ΠΑΤ
|i 139432
|l 0
|o 889.334 ΣΦΑ
|p 025000291233
|r 2022-02-24 00:00:00
|t 2
|w 2022-02-24
|y BKN
|
| 999 |
|
|
|c 127503
|d 127503
|
| 020 |
|
|
|a
|
| 040 |
|
|
|a GR-PaULI
|c GR-PaULI
|b gre
|e AACR2
|
| 082 |
0 |
4 |
|a 889.334
|2 23
|
| 100 |
1 |
|
|a Σφακιανάκης, Γιάννης Γ.,
|d 1903-1987
|e συγγραφέας.
|9 159834
|
| 245 |
1 |
3 |
|a Οι ένοχοι :
|b μυθιστόρημα /
|c Σφακιανάκης Γιάννης Γ.
|
| 260 |
|
|
|a Αθήνα :
|b Δίφρος,
|c 1960.
|
| 300 |
|
|
|a 170 σ. ;
|c 21 εκ.
|
| 942 |
|
|
|2 ddc
|c BK15
|
| 998 |
|
|
|c ΜΠΟΥΡΑΣ
|d 2017-02
|